| 000 | 01378pam a2200325 a 4500 | ||
|---|---|---|---|
| 999 |
_c19872 _d19872 |
||
| 001 | 4259185 | ||
| 003 | OSt | ||
| 005 | 20200616095109.0 | ||
| 008 | 840504s1985 enkbf b 001 0 eng | ||
| 010 | _a 84009603 | ||
| 020 | _a0521232066 | ||
| 040 |
_aDLC _coclc _dDLC |
||
| 043 | _aa-ii--- | ||
| 050 | 0 | 0 |
_aHD1537.I4 _bC485 1985 |
| 082 | 0 | 0 |
_a305.563 _219 _bCHA/P |
| 100 |
_aCharlesworth, Neil _92937 |
||
| 245 | 1 | 0 |
_aPeasants and imperial rule : _bagriculture and agrarian society in the Bombay Presidency, 1850-1935 / _cNeil Charlesworth. |
| 260 |
_aCambridge [Cambridgeshire] ; _aNew York : _bCambridge University Press, _c1985. |
||
| 300 |
_axi, 319 p., [5] p. of plates : _bmaps ; _c23 cm. |
||
| 440 | 0 |
_aCambridge South Asian studies ; _v32 |
|
| 500 | _aIncludes index. | ||
| 504 | _aBibliography: p. [303]-314. | ||
| 650 | 0 |
_aFarm tenancy _xGovernment policy _zIndia _zBombay (State) _xHistory. |
|
| 650 | 0 |
_aAgriculture and state _zIndia _zBombay (State) _xHistory. |
|
| 856 | 4 | 1 |
_3Sample text _uhttp://www.loc.gov/catdir/samples/cam031/84009603.html |
| 856 | 4 | 2 |
_3Publisher description _uhttp://www.loc.gov/catdir/description/cam031/84009603.html |
| 856 | 4 | 1 |
_3Table of contents _uhttp://www.loc.gov/catdir/toc/cam031/84009603.html |
| 906 |
_a7 _bcbc _corignew _d1 _eocip _f19 _gy-gencatlg |
||
| 942 |
_2ddc _cBK _h305.563 _iCHA/P _k305.563 _mCHA/P |
||